[Event "EU-chT ICSC 20th"]
[Site "Liverpool"]
[Date "2011.06.10"]
[Round "3"]
[White "Hasanov, Mirmusa"]
[Black "Marcinkeviciene, Egle"]
[Result "0-1"]
[WhiteElo "1767"]
[BlackElo "1735"]
[PlyCount "130"]
[EventDate "2011.06.09"]
[EventType "team-tourn"]
[EventRounds "7"]
[EventCountry "ENG"]
[SourceTitle "CBM 142 Extra"]
[Source "ChessBase"]
[SourceDate "2011.06.27"]
[SourceVersion "1"]
[SourceVersionDate "2011.06.27"]
[SourceQuality "1"]
[WhiteTeam "Baku"]
[BlackTeam "Vilnius"]
[WhiteTeamCountry "AZE"]
[BlackTeamCountry "LTU"]

1. e4 c5 2. f4 g6 3. Nf3 d6 4. Bc4 Bg7 5. c3 a6 6. a4 Nc6 7. 0-0 e6 8. Kh1 Nge7 9. d4 cxd4 10. cxd4 d5 11. exd5 Nxd5 12. Ne5 Qc7 13. Bxd5 exd5 14. Nc3 Be6 15. Be3 0-0 16. Qf3 Rad8 17. Rac1 f6 18. Nd3 b6 19. Ne2 Qd7 20. h3 Bf5 21. Nf2 Nb4 22. Nc3 Rc8 23. Qd1 Be6 24. Qb3 Qd6 25. Rfd1 Kh8 26. Nd3 Nxd3 27. Rxd3 Rfd8 28. Ne2 Rxc1+ 29. Nxc1 Rc8 30. Rc3 Rc4 31. Ne2 Bf8 32. Qc2 Qb4 33. Rxc4 Qxc4 34. Qxc4 dxc4 35. Nc3 Bd7 36. d5 b5 37. axb5 axb5 38. Bd4 Kg7 39. g4 Kf7 40. Kg2 f5 41. g5 Bb4 42. Nd1 Ke7 43. Be5 Bd6 44. Kf3 Bc8 45. Nc3 Bd7 46. Bf6+ Ke8 47. Ke3 Bc5+ 48. Bd4 Bb4 49. Ne2 Ke7 50. Be5 Bc5+ 51. Kd2 b4 52. Ng3 Bc8 53. Nf1 Bb7 54. d6+ Bxd6 55. Bxd6+ Kxd6 56. Ne3 Kc5 57. h4 Be4 58. Nf1 Kd4 59. Ng3 Bd3 60. h5 c3+ 61. Kc1 Kc4 62. hxg6 hxg6 63. Nh1 Kb3 64. bxc3 Kxc3 65. Nf2 Bc2 0-1